Oxford Greek-English learner's dictionary

Αποθηκεύτηκε σε:
Λεπτομέρειες βιβλιογραφικής εγγραφής
Κύριος συγγραφέας: Σταυρόπουλος, Δ. Ν.
Άλλοι συγγραφείς: Σταυρόπουλος, Γ. Ν. (Επιμελητής έκδοσης)
Μορφή: Βιβλίο
Γλώσσα:Greek
English
Δημοσίευση: Oxford : Oxford University Press, 2008
Θέματα:
Ετικέτες: Προσθήκη ετικέτας
Δεν υπάρχουν, Καταχωρήστε ετικέτα πρώτοι!

MARC

LEADER 00000cam a2200000 i 4500
001 1/7430
008 100513s2008 gre d
020 |a 978-0-19-432568-4 (hbk) 
035 |l 10107859 
040 |a GR-MY-UA  |b gre  |e aacr 
041 0 |a gre  |a eng 
082 0 |a 423.89  |2 (22) 
100 1 |a Σταυρόπουλος, Δ. Ν. 
245 1 0 |a Oxford Greek-English learner's dictionary /  |c D.N. Stavropoulos ; edited by G.N. Stavropoulos 
260 |a Oxford :   |b Oxford University Press,   |c 2008 
300 |a iv, 1919 σ.;  |c 22 εκ. 
650 0 0 |a Greek language, Modern  |x Dictionaries  |x English. 
700 1 |a Σταυρόπουλος, Γ. Ν.  |4 edt 
852 |a INST  |b LEMNOS  |e 20100513  |h 423.89 ΣΤΑ  |p 005600000257  |q 005600000257  |t REF  |y 23 
901 |a BIBL6-2010-2 
909 |a Μ  |b 160831 
922 |a 6ΕΛΗ  |b 200911  |c ΤΑΚ/ΤΕΤΔ  |d BEST BOOK HUNTERS 
970 |a ΠΑΝΤΑΖΗ  |b ΑΝΤΩΝΙΑ  |z 2010/05/13